[Event "SVK-ch U12"]
[Site "Liptovsky Mikulas"]
[Date "2007.04.26"]
[Round "7"]
[White "Tropp, Oliver"]
[Black "Taraba, Roman"]
[Result "1/2-1/2"]
[WhiteElo "1524"]
[BlackElo "1350"]
[PlyCount "40"]
[EventDate "2007.04.22"]
[EventType "swiss"]
[EventRounds "9"]
[EventCountry "SVK"]
[SourceTitle "EXT 2008"]
[Source "ChessBase"]
[SourceDate "2007.11.25"]
[SourceVersion "1"]
[SourceVersionDate "2007.11.25"]
[SourceQuality "1"]

1. e4 e6 2. d4 d5 3. exd5 exd5 4. Bd3 Nc6 5. c3 a6 6. Qf3 Nf6 7. h3 h6 8. Ne2 Bd6 9. 0-0 Be6 10. Bf4 Qd7 11. Bxd6 Qxd6 12. Nd2 Ne7 13. Ng3 Ng6 14. Bf5 0-0 15. Rfe1 Rfe8 16. Re3 Re7 17. Rae1 Rae8 18. Bxe6 fxe6 19. a3 c6 20. Nb3 b6 1/2-1/2

[Event "SVK-ch U12"]
[Site "Liptovsky Mikulas"]
[Date "2007.04.23"]
[Round "2"]
[White "Taraba, Roman"]
[Black "Tomcik, Michal"]
[Result "0-1"]
[WhiteElo "1350"]
[BlackElo "1511"]
[PlyCount "34"]
[EventDate "2007.04.22"]
[EventType "swiss"]
[EventRounds "9"]
[EventCountry "SVK"]
[SourceTitle "EXT 2008"]
[Source "ChessBase"]
[SourceDate "2007.11.25"]
[SourceVersion "1"]
[SourceVersionDate "2007.11.25"]
[SourceQuality "1"]

1. e4 e5 2. Nf3 Nc6 3. Nc3 Bb4 4. Nd5 d6 5. Nxb4 Nxb4 6. d3 Bg4 7. Be2 h6 8. d4 Bxf3 9. Bxf3 exd4 10. 0-0 Nf6 11. a3 Nc6 12. b3 d5 13. Qd3 0-0 14. exd5 Nxd5 15. Bb2 Nf4 16. Qd2 Qg5 17. g3 Nh3+ 0-1